Estación de hormigonado / (Record no. 131128)

MARC details
000 -LEADER
campo de control de longitud fija 00626nam a2200193 4500
001 - NÚMERO DE CONTROL
campo de control 131128
003 - IDENTIFICADOR DE NÚMERO DE CONTROL
campo de control ES-MaACL
005 - FECHA Y HORA DE LA ÚLTIMA TRANSACCIÓN
campo de control 20230906193924.0
007 - CAMPO FIJO DE DESCRIPCIÓN FÍSICA--INFORMACIÓN GENERAL
campo de control de longitud fija t|
008 - DATOS DE LONGITUD FIJA--INFORMACIÓN GENERAL
campo de control de longitud fija 070214s1959 sp r ||||1| spa d
100 1# - ENTRADA PRINCIPAL--NOMBRE DE PERSONA
Nombre de persona Rodé, O.
9 (RLIN) 98106
245 10 - MENCIÓN DEL TÍTULO
Título Estación de hormigonado /
Mención de responsabilidad, etc. O. Rodé, A. P. Ducret ; versión española de J. A. Lanuza ; revisada por José Pensado Iglesias.
260 ## - PUBLICACIÓN, DISTRIBUCIÓN, ETC.
Lugar de publicación, distribución, etc. Madrid :
Nombre del editor, distribuidor, etc. S.A.E.T.A.,
Fecha de publicación, distribución, etc. 1959.
300 ## - DESCRIPCIÓN FÍSICA
Extensión 200 p. :
Otras características físicas il. ;
Dimensiones 28 cm.
700 1# - ENTRADA AGREGADA--NOMBRE PERSONAL
Nombre de persona Ducret, A. P.
9 (RLIN) 45850
700 1# - ENTRADA AGREGADA--NOMBRE PERSONAL
Nombre de persona Lanuza, J. A.
9 (RLIN) 70107
700 1# - ENTRADA AGREGADA--NOMBRE PERSONAL
Nombre de persona Pensado Iglesias, José.
9 (RLIN) 90189
852 ## - LOCALIZACIÓN
Ubicación ES-MaACL
Número de control de estantería C-16412
Sublocalización o colección R.44481
Holdings
Estatus retirado Estado de pérdida Estado de daño No para préstamo Biblioteca de origen Biblioteca actual Ubicación en estantería Fecha de adquisición Fuente de adquisición Total de préstamos Signatura topográfica completa Código de barras Visto por última vez Precio de reemplazo Tipo de ítem Koha
        Biblioteca del Ateneo de Madrid Biblioteca del Ateneo de Madrid Galería 17/01/2008     C-16412 1136519 23/02/2023 23/02/2023 Libro impreso